000 004770000a22001810004500
020 _a0-8042-1103-5
041 0 _aENG
082 0 4 _aG 253 P4851s
100 1 _aPeterson, Eugene H.
245 1 0 _aFive smooth stones for pastoral work / Eugene H. Peterson
260 _aAtlanta : John Knox (ver J. Knox)
300 _a201 Pag
001 6309
942 _cBK
999 _c36582
_d36582
336 _atexto
_btxt
_2rdacontent
337 _2rdamedia
_asin mediación
_bn
338 _2rdacarrier
_avolumen
_bnc